000 00337nam a22001457a 4500
003 OSt
005 20220114145916.0
008 220114b |||||||| |||| 00| 0 eng d
020 _a9788120338258
040 _cHU
082 _24th
_a620
100 _aMorse
_928059
245 _aManageing Engineering & Technology
942 _2ddc
_cBOOKS
_n0
999 _c27126
_d27126